000 00966cam a22003253a 4500
001 24026
003 PGUSA
005 20140828083519.0
008 071225s2007||||xxu|||||s|||||000 1 eng d
040 _aPGUSA
_beng
042 _adc
050 4 _aPR
100 1 _aDickens, Charles,
_d1812-1870
245 1 0 _aJoulun-aatto
_h[electronic resource] /
_cCharles Dickens
260 _bProject Gutenberg,
_c2007
506 _aPublic domain in the USA.
516 _aElectronic text
653 _aLondon (England) -- Fiction
653 _aSick children -- Fiction
653 _aChristmas stories
653 _aScrooge, Ebenezer (Fictitious character) -- Fiction
653 _aPoor families -- Fiction
653 _aGhost stories
653 _aMisers -- Fiction
700 1 _aChurberg, Waldemar,
_d1848-1924
740 0 _aChristmas carol. Finnish.
830 0 _aProject Gutenberg
_v24026
856 4 0 _uhttp://www.gutenberg.org/ebooks/24026
942 _cEB
999 _c253281
_d253281